| 000 | 00991nam a2200205 i 4500 | ||
|---|---|---|---|
| 001 | 154374 | ||
| 003 | ES-MaACL | ||
| 005 | 20251015145631.0 | ||
| 008 | 021118s1857 sp |||| | spa d | ||
| 080 | _a929 Jiménez de Cisneros, Francisco | ||
| 100 | 1 |
_aGoicoerrotea, Román. _9127357 |
|
| 245 | 1 | 0 |
_aRelación de la solemne ceremonia celebrada para la inhumación de los restos mortales del cardenal don fray Francisco Ximénez de Cisneros en su sepulcro de la Iglesia Magistral de Alcalá de Henares el día 27 de abril de 1857 / _cescrita por Román Goicoerrotea. |
| 260 |
_aMadrid : _b[s.n.], _c1857 ( _fEstab. Tip. de A. Vicente) |
||
| 300 |
_a52 p. ; _c24 cm. |
||
| 530 | _aDisponible en formato digital. | ||
| 600 | 1 | 4 |
_aJiménez de Cisneros, Francisco, _d1436-1517 _966495 |
| 852 | 4 |
_aES-MaACL _jT-10-F-8 _z- Enc. hol. _z- Enc. en un v. facticio |
|
| 856 | 4 |
_uhttp://bdh-rd.bne.es/viewer.vm?id=0000247104&page=1 _zBiblioteca Digital Hispánica |
|
| 999 |
_c154374 _d154374 |
||